| 000 | 00601nam a2200181Ia 4500 | ||
|---|---|---|---|
| 008 | 151202s9999||||xx |||||||||||||| ||und|| | ||
| 082 | _bPNVM-39487 | ||
| 100 | _aकानिटकर यशवंत. | ||
| 245 | _aयेईल तो दिन माझा. | ||
| 260 | _bग्रंथघर मुंबई. | ||
| 260 | _c1993 | ||
| 300 | _a117 | ||
| 600 | _aकानिटकर यशवंत. | ||
| 630 | _aयेईल तो दिन माझा. | ||
| 700 | _aकानिटकर यशवंत. | ||
| 730 | _aयेईल तो दिन माझा. | ||
| 942 | _cBOOK | ||
| 999 |
_c1305439 _d1305436 |
||